000 00793nam a2200157 i 4500
001 184276
003 ES-MaACL
005 20250809013833.0
008 150608s1896 sp |||| | spa d
110 2 _aConsejo de Aduanas y Aranceles (España)
_9156968
245 1 0 _aInforme emitido por la Sección Primera de dicho Consejo acerca de los resultados obtenidos por la aplicación del Convenio de Comercio vigente entre España y Suiza
_b: este dictamen fue aprobado por el Consejo en pleno en sesión celebrada el 18 de abril de 1896 /
_cConsejo de Aduanas y Aranceles.
300 _a42 p. ;
_c23 cm.
651 4 _aEspaña-
_xComercio exterior-
_zSuiza.
_9156969
852 _aES-MaACL
_jT-807-F-2
_z.- Enc. hol. conservando enc. original
_z.- Enc. en un vol. facticio
999 _c184276
_d184276